| 000 | 00499nam a2200181 a 4500 | ||
|---|---|---|---|
| 005 | 20140310183459.0 | ||
| 008 | 091208s19uu xx 00 eng d | ||
| 020 | _a9780240520964 | ||
| 050 |
_aTR 550 _b.C45 2008 |
||
| 100 | _aChild, John | ||
| 245 |
_aStudio photography : _bessential skills / _cJohn Child. |
||
| 260 |
_aAmsterdam : _bElsevier, _c2008. |
||
| 300 |
_a216 p. : _bcol. ill. ; _c25 cm. |
||
| 521 | _aMC | ||
| 650 | _aIndoor photography. | ||
| 942 |
_cBK _2lcc _kFOR |
||
| 999 |
_c23804 _d23804 |
||